| 000 | 00490nam a22001697a 4500 | ||
|---|---|---|---|
| 005 | 20240704081727.0 | ||
| 008 | 240704b |||||||| |||| 00| 0 eng d | ||
| 022 | _a10163107 | ||
| 041 | _aEnglish/Afrikaans | ||
| 082 | _a349 SOU | ||
| 100 | _lEnglish/Afrikaans | ||
| 245 | _aSouth African Criminal Law Reports | ||
| 260 | _aSouth African Criminal Law Reports | ||
| 300 |
_bliv, 720 pages; _c26 cm. |
||
| 650 |
_aLegal practice _bLaw |
||
| 942 |
_cBK _6ALISON_BN_VRIES |
||
| 999 |
_c2100 _d2100 |
||